000 00610nmc a2200253 a 4500
003 AR-BaBNM
005 20251128211331.0
008 234020s2000 ||||||||||||||000 | spa||
020 _a950-753-063-0
040 _cAR-BaBNM
100 1 _aWilde, Oscar
245 1 0 _aLa importancia de llamarse Ernesto
260 _aBuenos Aires
_bCántaro
_c2000
300 0 _a141 p.
490 0 _aColección del Mirador
_v146
650 4 _aLITERATURA INGLESA
650 4 _aSIGLO DIECINUEVE
650 4 _aTEATRO
650 4 _aCOMEDIA
650 4 _aHUMOR
655 _aLITERATURA
942 _cBK
998 _cLaura
999 _c19209
_d19209